Descriptive physical oceanography : (Record no. 7441)

MARC details
000 -LEADER
fixed length control field 01012pam a2200289 a 4500
001 - CONTROL NUMBER
control field 1524002
003 - CONTROL NUMBER IDENTIFIER
control field OSt
005 - DATE AND TIME OF LATEST TRANSACTION
control field 20211111102305.0
008 - FIXED-LENGTH DATA ELEMENTS--GENERAL INFORMATION
fixed length control field 900130s1990 enkaf b 001 0 eng
010 ## - LIBRARY OF CONGRESS CONTROL NUMBER
LC control number 90006814
020 ## - INTERNATIONAL STANDARD BOOK NUMBER
International Standard Book Number 0080379532 :
Terms of availability $35.00 (U.S.)
020 ## - INTERNATIONAL STANDARD BOOK NUMBER
International Standard Book Number 075062759x
Terms of availability $18.00 (U.S.)
040 ## - CATALOGING SOURCE
Original cataloging agency DLC
Transcribing agency MUST
Modifying agency DLC
050 00 - LIBRARY OF CONGRESS CALL NUMBER
Classification number GC150.5
Item number .P52 1990
082 00 - DEWEY DECIMAL CLASSIFICATION NUMBER
Classification number 551.46PIC 1990
Edition number 20
100 1# - MAIN ENTRY--PERSONAL NAME
Personal name Pickard, George L.
9 (RLIN) 15251
245 10 - TITLE STATEMENT
Title Descriptive physical oceanography :
Remainder of title an introduction /
Statement of responsibility, etc. by George L. Pickard and William J. Emery.
250 ## - EDITION STATEMENT
Edition statement 5th enl. ed. (in SI units).
260 ## - PUBLICATION, DISTRIBUTION, ETC. (IMPRINT)
Place of publication, distribution, etc. Oxford ;
-- New York :
Name of publisher, distributor, etc. Pergamon Press,
Date of publication, distribution, etc. 1990.
300 ## - PHYSICAL DESCRIPTION
Extent xv, 320 p., [5] p. of plates :
Other physical details ill. ;
Dimensions 24 cm.
504 ## - BIBLIOGRAPHY, ETC. NOTE
Bibliography, etc Includes bibliographical references (p. 301-312) and index.
650 #0 - SUBJECT ADDED ENTRY--TOPICAL TERM
Topical term or geographic name as entry element Oceanography.
9 (RLIN) 15252
700 1# - ADDED ENTRY--PERSONAL NAME
Personal name Emery, William J.
9 (RLIN) 15253
906 ## - LOCAL DATA ELEMENT F, LDF (RLIN)
a 7
b cbc
c orignew
d 1
e ocip
f 19
g y-gencatlg
942 ## - ADDED ENTRY ELEMENTS (KOHA)
Source of classification or shelving scheme Library of Congress Classification
Koha item type Open Shelf
Holdings
Withdrawn status Lost status Source of classification or shelving scheme Damaged status Not for loan Home library Current library Date acquired Source of acquisition Inventory number Total Checkouts Full call number Barcode Date last seen Price effective from Koha item type
    Dewey Decimal Classification     MUST Main Library MUST Main Library 11/11/2021 Purchase 07/29117   551.46PIC 1990 2021-1646 11/11/2021 11/11/2021 Open Shelf